000 00897cam a2200241 a 4500
001 000020145
005 20200929170303.0
008 790309s1940 ag 000 e spa d
040 _aDO-SdBNP
_bspa
_cBNPHU
082 _a864.6
_bÓ77L
100 1 _aOrtega y Gasset, José,
_d1883-1955.
_95769
245 1 3 _aEl libro de las misiones /
_cJosé Ortega y Gasset.
260 _aBuenos Aires, Argentina :
_bEspasa-Calpe Argentina,
_c1940.
300 _a172 p. ;
_c18 cm.
490 1 _aAustral. Verde: ensayos y filosofía
_v101
504 _aIncluye referencias bibliográficas y notas al pie de las páginas.
505 0 _aMisión del bibliotecario--Misión de la universidad--Miseria y esplendor de la traducción.
650 4 _aEnsayos españoles
_93095
650 4 _aLiteratura española
_9632
830 0 _aAustral.
_pVerde: ensayos y filosofía;
_v101
_98733
910 _aWM
049 _aBNGR
999 _c19653
_d19653